| 000 | 01097cad a22002415a 4500 | ||
|---|---|---|---|
| 001 | L149888 | ||
| 008 | 100512e20100326xxkd f s 000 0 eng d | ||
| 035 | _a(Sirsi) u149888 | ||
| 041 | 0 | _aeng | |
| 050 | 0 | 4 | _a333.33 $2 18 |
| 110 | 2 |
_aRoyal Institution of Chartered Surveyors _bEconomics _95033 |
|
| 245 | 0 | 0 |
_aRICS global real estate weekly _b7 May 2010 _h[electronic resource] |
| 260 |
_aLondon _bRICS _c2010 |
||
| 490 | 0 |
_aRICS Global Real Estate Weekly _v7 May 2010 |
|
| 520 | _aEuro area GDP growth in Q1 2010 likely to exceed Q4 2009. Cooling measures already affecting Chinese property activity. Canadian house prices close in on previous high. Malaysian commercial property investment recovery continues. | ||
| 590 | _aKA | ||
| 650 | 2 | 4 | _aRICS GLOBAL REAL ESTATE WEEKLY |
| 651 | 4 | _aInternational | |
| 690 | _aBUILT ENVIRONMENT-CONSTRUCTION MARKET | ||
| 690 | _aPROPERTY-COMMERCIAL PROPERTY-COMMERCIAL PROPERTY MARKET | ||
| 856 | 4 | 0 |
_uhttps://www.rics.org/site/download_feed.aspx?fileID=6558&fileExtension=PDF _zView the report free of charge (PDF file) at www.rics.org |
| 942 | _n0 | ||
| 999 |
_c110668 _d110668 |
||